000 00484nam a22001817a 4500
003 OSt
005 20240626105945.0
008 240626b |||||||| |||| 00| 0 eng d
020 _a9780333964330
040 _cMUST
082 _a337.52 KEL 2002
100 _aKelly, Dominic
_917970
245 _aJapan and the reconstruction of East Africa
_cDominic Kelly
300 _axiii,240p.
_c22cm
504 _abibliography and indexes
650 _2political economy
942 _2ddc
_cO_SHELF
999 _c8890
_d8890